| 000 | 01087naa a22003017a 4500 | ||
|---|---|---|---|
| 001 | BR8204359 | ||
| 003 | BR-BrBNA | ||
| 005 | 20240918175135.0 | ||
| 007 | ta | ||
| 008 | 230509b bl.||||| |||| 00| 0 por d | ||
| 040 |
_aBR-BrBNA _bpor _cBiblioteca Nacional de Agricultura |
||
| 041 | _a(Pt) | ||
| 072 |
_aF25 _b1410 _b3851 _b5212 _b3830 _bG514 |
||
| 090 | _aF25 BR8204359 | ||
| 100 | 1 | _aOsorio, C.A.S. | |
| 100 | 1 | _aSander, G.R. | |
| 111 | 1 |
_a16. Reuniao Tecnica do Feijao _cPorto Alegre, RS (Brazil) _d8 Sep 1982 |
|
| 245 | 1 | _aAvaliacao de efeitos de estrume bovino e de P2O5 na producao do feijao [Phaseolus vulgaris, fosfato, Brasil] | |
| 260 | 3 |
_aPorto Alegre, RS (Brasil): _c1982. |
|
| 500 | _aAta da 16. Reuniao Tecnica do Feijao Porto Alegre, RS (Brasil): 1982. p. 86-87 (BR8204359-AM)F25 | ||
| 650 | _aADUBACAO | ||
| 650 | _aESTERCO DE GADO | ||
| 650 | _aFEIJAO | ||
| 650 | _aSUPERFOSFATO | ||
| 773 | 0 |
_tAta da 16. Reuniao Tecnica do Feijao _wF25 BR8204359 _gPorto Alegre, RS (Brasil), 1982. p. 86-87 |
|
| 909 |
_a202404 _bLucia _c55 _dLucia Elande |
||
| 942 |
_cAM _2AGRIS |
||
| 999 |
_c315228 _d315228 |
||